| 000 | 00609nam a2200181Ia 4500 | ||
|---|---|---|---|
| 008 | 151018s9999 xx 000 0 und d | ||
| 082 |
_bRBASDV8774 _a891.463 |
||
| 100 | _aहरी नारायण आपटे | ||
| 245 | _aमायेचा बाजार | ||
| 250 | _b4 | ||
| 260 |
_bआर्यभूषण मुद्रणालय _c1965 |
||
| 300 | _a440 | ||
| 600 | _aहरी नारायण आपटे | ||
| 630 | _aमायेचा बाजार | ||
| 700 | _aहरी नारायण आपटे | ||
| 730 | _aमायेचा बाजार | ||
| 942 | _cBOOK | ||
| 999 |
_c1011138 _d1011135 |
||